Priame zahraničné investície v podmienkach Slovenskej republiky

Priame zahraničné investície, ako jedná z hlavných foriem kapitálového pohybu, predstavujú najvyšší stupeň internacionalizácie podnikových činností. Ovplyvňujú konkurencieschopnosť podnikov, ktorá v dnešnom turbulentnom svete predstavuje významný faktor ovplyvňujúci výkonnosť podniku. Stručný preh...

Descrizione completa

Salvato in:
Dettagli Bibliografici
Autore principale: Kerbčárová, Daniela, 1989-
Natura: Capitolo di libro
Lingua:slovacco
Soggetti:
Tags: Aggiungi Tag
Nessun Tag, puoi essere il primo ad aggiungerne!!

MARC

LEADER 00000nla a2200000 4500
001 0226767
005 20240502073733.8
041 0 |a slo 
044 |a SK 
245 1 0 |a Priame zahraničné investície v podmienkach Slovenskej republiky  |c Daniela Kerbčárová 
520 |a Priame zahraničné investície, ako jedná z hlavných foriem kapitálového pohybu, predstavujú najvyšší stupeň internacionalizácie podnikových činností. Ovplyvňujú konkurencieschopnosť podnikov, ktorá v dnešnom turbulentnom svete predstavuje významný faktor ovplyvňujúci výkonnosť podniku. Stručný prehľad empirických štúdii, ktorých obsah skúmania bol zameraný na charakteristiku PZI. Vývoj prílevu PZI v podmienkach Slovenskej republiky. 
610 2 0 |a Slovensko 
610 2 0 |a investície priame zahraničné 
610 2 0 |a stratégia investičná 
100 1 |a Kerbčárová, Daniela, 1989-